000 00319nam a22001337a 4500
008 171003b xxu||||| |||| 00| 0 eng d
020 _a9780072507683
041 _aeng
080 _22ND
_a159.9
100 _a48
101 _aPSI
245 _aCHILD& ADOLESCENT DEVELOPMENT FOR EDUCATORS
_cMEECE,J,L
942 _2udc
_cBK
999 _c31530
_d31530